| 000 | 01605cam a2200337 i 4500 | ||
|---|---|---|---|
| 999 |
_c1086 _d1086 |
||
| 001 | 000785008 | ||
| 003 | ChTaNC | ||
| 005 | 20210531112024.0 | ||
| 008 | 160315s2014 xxu c 000 u eng d | ||
| 020 | _a9781596437746 | ||
| 040 |
_beng _cKH8 _dKH8 _eaacr2 |
||
| 042 | _anbic | ||
| 082 | 0 | _aFIC TAM | |
| 100 | 1 |
_aTamaki, Mariko _eauthor. |
|
| 245 | 1 | 0 |
_aThis one summer / _cMariko Tamaki, Jillian Tamaki. |
| 246 | 1 | 3 | _aThis 1 summer. |
| 250 | _aFirst edition. | ||
| 260 |
_aNew York : _bFirst Second, _cc2014. |
||
| 300 |
_a317 pages : _bill. ; _c23 cm. |
||
| 500 | _aCaldecott Honor Book /2014. | ||
| 500 | _aMichael L. Printz Award Honor book /2014. | ||
| 520 | _aRose and her parents have been going to Awago Beach since she was a little girl. It's her summer getaway, her refuge. Her friend Windy is always there, too, like the little sister she never had, completing her summer family. But this summer is different. Rose's mom and dad won't stop fighting, and Rose and Windy have gotten tangled up in a tragedy-in-the-making in the small town of Awago Beach. It's a summer of secrets and heartache, and it's a good thing Rose and Windy have each other. | ||
| 650 | 0 |
_aTeenage girls _xComic books, strips, etc. |
|
| 650 | 0 |
_aTeenagers _xConduct of life _xComic books, strips, etc. |
|
| 650 | 0 |
_aAdolescence _xComic books, strips, etc. |
|
| 650 | 0 |
_aInterpersonal relations _xComic books, strips, etc. |
|
| 650 | 0 |
_aFriendship _xComic books, strips, etc. |
|
| 650 | 0 |
_aLove in adolescence _xComic books, strips, etc. |
|
| 700 | 1 |
_aTamaki, Jillian _d1980- _eillustrator. |
|
| 942 |
_2ddc _cFIC |
||